<?xml version="1.0" encoding="UTF-8"?>
<record
    xmlns:xsi="http://www.w3.org/2001/XMLSchema-instance"
    xsi:schemaLocation="http://www.loc.gov/MARC21/slim http://www.loc.gov/standards/marcxml/schema/MARC21slim.xsd"
    xmlns="http://www.loc.gov/MARC21/slim">

  <leader>00800nam a2200181Ia 4500</leader>
  <controlfield tag="008">090124s9999    xx            000 0 und d</controlfield>
  <datafield tag="082" ind1=" " ind2=" ">
    <subfield code="b">20460</subfield>
    <subfield code="a">1147</subfield>
  </datafield>
  <datafield tag="100" ind1=" " ind2=" ">
    <subfield code="a">&#x92C;&#x93E;&#x92A;&#x91F; &#x92D;&#x93E;. &#x935;&#x947;. &#x906;&#x923;&#x93F; &#x906;&#x92B;&#x933;&#x947; &#x930;&#x93E;. &#x930;&#x93E;.</subfield>
  </datafield>
  <datafield tag="245" ind1=" " ind2=" ">
    <subfield code="a"> &#x936;&#x93F;&#x915;&#x94D;&#x937;&#x923;&#x93E;&#x91A;&#x947; &#x92E;&#x93E;&#x928;&#x938;&#x936;&#x93E;&#x938;&#x94D;&#x924;&#x94D;&#x930;&#x940;&#x92F; &#x905;&#x927;&#x93F;&#x937;&#x94D;&#x920;&#x93E;&#x928;</subfield>
  </datafield>
  <datafield tag="250" ind1=" " ind2=" ">
    <subfield code="a">1</subfield>
  </datafield>
  <datafield tag="260" ind1=" " ind2=" ">
    <subfield code="c">1973</subfield>
  </datafield>
  <datafield tag="300" ind1=" " ind2=" ">
    <subfield code="a">415</subfield>
  </datafield>
  <datafield tag="600" ind1=" " ind2=" ">
    <subfield code="a">&#x92C;&#x93E;&#x92A;&#x91F; &#x92D;&#x93E;. &#x935;&#x947;. &#x906;&#x923;&#x93F; &#x906;&#x92B;&#x933;&#x947; &#x930;&#x93E;. &#x930;&#x93E;.</subfield>
  </datafield>
  <datafield tag="630" ind1=" " ind2=" ">
    <subfield code="a"> &#x936;&#x93F;&#x915;&#x94D;&#x937;&#x923;&#x93E;&#x91A;&#x947; &#x92E;&#x93E;&#x928;&#x938;&#x936;&#x93E;&#x938;&#x94D;&#x924;&#x94D;&#x930;&#x940;&#x92F; &#x905;&#x927;&#x93F;&#x937;&#x94D;&#x920;&#x93E;&#x928;</subfield>
  </datafield>
  <datafield tag="700" ind1=" " ind2=" ">
    <subfield code="a">&#x92C;&#x93E;&#x92A;&#x91F; &#x92D;&#x93E;. &#x935;&#x947;. &#x906;&#x923;&#x93F; &#x906;&#x92B;&#x933;&#x947; &#x930;&#x93E;. &#x930;&#x93E;.</subfield>
  </datafield>
  <datafield tag="730" ind1=" " ind2=" ">
    <subfield code="a"> &#x936;&#x93F;&#x915;&#x94D;&#x937;&#x923;&#x93E;&#x91A;&#x947; &#x92E;&#x93E;&#x928;&#x938;&#x936;&#x93E;&#x938;&#x94D;&#x924;&#x94D;&#x930;&#x940;&#x92F; &#x905;&#x927;&#x93F;&#x937;&#x94D;&#x920;&#x93E;&#x928;</subfield>
  </datafield>
  <datafield tag="942" ind1=" " ind2=" ">
    <subfield code="c">BOOK</subfield>
  </datafield>
  <datafield tag="999" ind1=" " ind2=" ">
    <subfield code="c">134266</subfield>
    <subfield code="d">134266</subfield>
  </datafield>
  <datafield tag="952" ind1=" " ind2=" ">
    <subfield code="0">0</subfield>
    <subfield code="1">0</subfield>
    <subfield code="4">0</subfield>
    <subfield code="7">0</subfield>
    <subfield code="a">THNMGS</subfield>
    <subfield code="b">THNMGS</subfield>
    <subfield code="d">0000-00-00</subfield>
    <subfield code="g">18.00</subfield>
    <subfield code="l">0</subfield>
    <subfield code="o">20460</subfield>
    <subfield code="p">THNMGS-20460</subfield>
    <subfield code="r">2009-01-24 00:00:00</subfield>
    <subfield code="v">18.00</subfield>
    <subfield code="w">2009-01-24</subfield>
    <subfield code="y">BOOK</subfield>
  </datafield>
</record>
